Improving Air Force Enterprise Resource Planning-Enabled Business Transformation (Record no. 352184)
[ view plain ]
| 000 -LEADER | |
|---|---|
| fixed length control field | 00822nam a2200133Ia 4500 |
| 008 - FIXED-LENGTH DATA ELEMENTS--GENERAL INFORMATION | |
| fixed length control field | 171212s9999 xx 000 0 und d |
| 020 ## - INTERNATIONAL STANDARD BOOK NUMBER | |
| International Standard Book Number | 9780833080387 |
| 100 ## - MAIN ENTRY--PERSONAL NAME | |
| Personal name | Riposo, Jessie;Weichenberg, Guy;Duran, Chelsea Kaihoi;Fox, Bernard;Shelton, William |
| 245 ## - TITLE STATEMENT | |
| Statement of responsibility, etc | Riposo, Jessie;Weichenberg, Guy;Duran, Chelsea Kaihoi;Fox, Bernard;Shelton, William |
| Title | Improving Air Force Enterprise Resource Planning-Enabled Business Transformation |
| 260 ## - PUBLICATION, DISTRIBUTION, ETC. (IMPRINT) | |
| Name of publisher, distributor, etc | RAND Corporation |
| Date of publication, distribution, etc | 2013 |
| 650 ## - SUBJECT ADDED ENTRY--TOPICAL TERM | |
| Topical term or geographic name as entry element | Business |
| 650 ## - SUBJECT ADDED ENTRY--TOPICAL TERM | |
| Topical term or geographic name as entry element | United States. Air Force -- Accounting; United States. Air Force -- Management; United States. Air Force -- Information technology; United States. Air Force -- Data processing; Business logistics -- United States; Reengineering (Management) -- United Stat |
| 856 ## - ELECTRONIC LOCATION AND ACCESS | |
| Uniform Resource Identifier | <a href="http://www.jstor.org/stable/10.7249/j.ctt5hhvgh">http://www.jstor.org/stable/10.7249/j.ctt5hhvgh</a> |
| Withdrawn status | Lost status | Damaged status | Home library | Current library | Date acquired | Total Checkouts | Full call number | Date last seen | Price effective from | Koha item type |
|---|---|---|---|---|---|---|---|---|---|---|
| College Library | College Library | 12/12/2017 | UG633.2.R57 2013 | 12/12/2017 | 12/12/2017 | Curriculum - Based eBooks |